[Event "Moquegua Ilo GP"]
[Site "Moquegua Ilo"]
[Date "2017.11.03"]
[Round "4"]
[White "Valdivia Cano, Nicole"]
[Black "Gonzales Curse, Flavio"]
[Result "0-1"]
[WhiteElo "1603"]
[BlackElo "2081"]
[PlyCount "74"]
[EventDate "2017.11.01"]
[EventType "swiss"]
[EventRounds "8"]
[EventCountry "PER"]
[SourceTitle "CBM 181 Extra"]
[Source "ChessBase"]
[SourceDate "2017.12.12"]
[SourceVersion "1"]
[SourceVersionDate "2017.12.12"]
[SourceQuality "1"]

1. e4 c5 2. Nf3 d6 3. d4 cxd4 4. Nxd4 Nf6 5. f3 e5 6. Nb5 a6 7. N5a3 Be7 8. c4 0-0 9. Nc3 Qb6 10. Nc2 Be6 11. Be3 Qc7 12. b3 b5 13. Nd5 Nxd5 14. cxd5 Bd7 15. Bd3 a5 16. 0-0 Na6 17. Qe2 Qb7 18. Na3 Rfb8 19. f4 f6 20. fxe5 dxe5 21. Nc2 Rc8 22. a4 bxa4 23. bxa4 Nc5 24. Rfd1 Nxa4 25. Rd2 Nc3 26. Qf1 Bd6 27. Na3 Bxa3 28. Rxa3 Qb4 29. Ra1 Nxe4 30. Rda2 Nc3 31. Rd2 a4 32. Qf3 a3 33. Qh5 e4 34. Bc2 a2 35. Bd4 Rc4 36. Bxf6 gxf6 37. Qh6 Qb2 0-1

[Event "South America-ch U16 Girls 12th"]
[Site "Santa Cruz"]
[Date "2015.12.06"]
[Round "7"]
[White "Valdivia Cano, Nicole"]
[Black "Monroy Garzon, Nataly Alejandra"]
[Result "0-1"]
[WhiteElo "1651"]
[BlackElo "2050"]
[PlyCount "66"]
[EventDate "2015.12.02"]
[EventType "swiss"]
[EventRounds "9"]
[EventCountry "BOL"]
[SourceTitle "CBM 170 Extra"]
[Source "ChessBase"]
[SourceDate "2016.02.25"]
[SourceVersion "1"]
[SourceVersionDate "2016.02.25"]
[SourceQuality "1"]

1. e4 c5 2. c4 Nc6 3. f4 e6 4. Nc3 a6 5. d3 d6 6. g3 Nge7 7. Bg2 Rb8 8. Be3 g6 9. Nf3 Bg7 10. 0-0 0-0 11. Qd2 Nd4 12. Rae1 b5 13. g4 f5 14. g5 Qc7 15. b3 Bd7 16. h4 Bc6 17. Nd1 Rbe8 18. Qf2 e5 19. Nh2 fxe4 20. dxe4 exf4 21. Bxf4 Ne6 22. Qg3 Rxf4 23. Rxf4 Be5 24. Ng4 Nxf4 25. Qf3 Rf8 26. Rf1 Nf5 27. b4 Ng3 28. Qb3 Nfe2+ 29. Kh2 Nxf1+ 30. Kh1 Nfg3+ 31. Kh2 Nxe4+ 32. Nxe5 d5 33. Qb2 Nd4 0-1

[Event "South America-ch U16 Girls 12th"]
[Site "Santa Cruz"]
[Date "2015.12.02"]
[Round "1"]
[White "Basto, Suely"]
[Black "Valdivia Cano, Nicole"]
[Result "1-0"]
[WhiteElo "1934"]
[BlackElo "1651"]
[PlyCount "58"]
[EventDate "2015.12.02"]
[EventType "swiss"]
[EventRounds "9"]
[EventCountry "BOL"]
[SourceTitle "CBM 170 Extra"]
[Source "ChessBase"]
[SourceDate "2016.02.25"]
[SourceVersion "1"]
[SourceVersionDate "2016.02.25"]
[SourceQuality "1"]

1. g3 c5 2. Bg2 d5 3. Nf3 Nc6 4. d3 Nf6 5. h3 e5 6. Nfd2 Be6 7. e4 d4 8. a4 Be7 9. Na3 a6 10. f4 g6 11. 0-0 Qd7 12. Kh2 h5 13. Ndc4 Qc7 14. a5 0-0-0 15. Nb6+ Kb8 16. Nac4 h4 17. g4 Nxg4+ 18. hxg4 h3 19. Bh1 Rh4 20. f5 gxf5 21. gxf5 Bxc4 22. Nxc4 Nb4 23. f6 Bd6 24. Rg1 Nd5 25. Bg5 Rh7 26. exd5 e4+ 27. Nxd6 Qxd6+ 28. Rg3 Rg8 29. Qg4 Ka7 1-0

[Event "Olympiad Women-41"]
[Site "Tromsoe"]
[Date "2014.08.14"]
[Round "11.4"]
[White "Zengeni, Paidaishe"]
[Black "Valdivia Cano, Nicole"]
[Result "0-1"]
[WhiteElo "1678"]
[BlackElo "1550"]
[PlyCount "62"]
[EventDate "2014.08.02"]
[EventType "team-swiss"]
[EventRounds "11"]
[EventCountry "NOR"]
[SourceTitle "CBM 162"]
[Source "ChessBase"]
[SourceDate "2014.09.17"]
[SourceVersion "1"]
[SourceVersionDate "2014.09.17"]
[SourceQuality "1"]
[WhiteTeam "Zimbabwe (W)"]
[BlackTeam "Peru (W)"]
[WhiteTeamCountry "ZIM"]
[BlackTeamCountry "PER"]

1. e4 e5 2. Nf3 Nc6 3. d4 exd4 4. Bc4 Bc5 5. Ng5 Nh6 6. Nxf7 Bb4+ 7. c3 Bxc3+ 8. bxc3 Nxf7 9. Bxf7+ Kxf7 10. cxd4 Re8 11. Nc3 d6 12. 0-0 Kg8 13. Be3 a6 14. f4 b5 15. a3 Bb7 16. f5 Qf6 17. Nd5 Qf7 18. f6 Rxe4 19. Rf5 g6 20. Rf3 Qxd5 21. f7+ Kg7 22. Bh6+ Kxh6 23. f8Q+ Rxf8 24. Rxf8 Qxd4+ 25. Qxd4 Nxd4 26. Rf7 Ne6 27. Rc1 a5 28. Rc3 b4 29. Rh3+ Kg5 30. Rg3+ Rg4 31. h4+ Kxh4 0-1

[Event "Olympiad Women-41"]
[Site "Tromsoe"]
[Date "2014.08.10"]
[Round "8.4"]
[White "Valdivia Cano, Nicole"]
[Black "Vongvatthana, Chananchida"]
[Result "1-0"]
[WhiteElo "1550"]
[BlackElo "1565"]
[PlyCount "85"]
[EventDate "2014.08.02"]
[EventType "team-swiss"]
[EventRounds "11"]
[EventCountry "NOR"]
[SourceTitle "CBM 162"]
[Source "ChessBase"]
[SourceDate "2014.09.17"]
[SourceVersion "1"]
[SourceVersionDate "2014.09.17"]
[SourceQuality "1"]
[WhiteTeam "Peru (W)"]
[BlackTeam "Thailand (W)"]
[WhiteTeamCountry "PER"]
[BlackTeamCountry "THA"]

1. e4 e5 2. Bc4 Nf6 3. d3 h6 4. Nc3 Nc6 5. Be3 d6 6. Qd2 Ng4 7. Nf3 Ne7 8. h3 Nxe3 9. fxe3 Ng6 10. 0-0 Be7 11. Bxf7+ Kxf7 12. Nxe5+ Kg8 13. Nxg6 Rh7 14. Nd5 Bf6 15. Qf2 Bd7 16. Nde7+ Kf7 17. Qg3 Ke8 18. Nd5 Be6 19. Nxf6+ gxf6 20. Qh4 Kf7 21. Qh5 Kg8 22. Rf3 Bf7 23. Rg3 Qe8 24. Ne5+ Kf8 25. Nxf7 Qxf7 26. Qxf7+ Kxf7 27. Rf1 Ke7 28. Rg6 Rf8 29. Rf5 c6 30. Kf2 Ke6 31. c4 a6 32. a4 Rff7 33. g4 Rf8 34. Kg3 a5 35. Kh4 b6 36. Kh5 Ke7 37. h4 Rff7 38. Rxh6 Rxh6+ 39. Kxh6 Rf8 40. h5 Rg8 41. g5 Rh8+ 42. Kg7 Rxh5 43. gxf6+ 1-0